000 00586nam a2200181Ia 4500
999 _c36876
_d36876
003 OSt
005 20210122150411.0
008 190216s9999||||xx |||||||||||||| ||und||
020 _a9780070635647
040 _coclc
082 _a658.007
_bSHA/H
100 _aSharma, Arun
_98357
245 0 _aHow To Prepare For The Data Interpretation And Logical Reasoning For The CAT /
_cArun Sharma
260 _bTata Mcgraw Hill Publishing Company Ltd,
_c2008.
_aNew Delhi:
300 _a324p
650 _aReferences
942 _cREF
_2ddc
_h658.007
_iSHA/H
_k658.007
_mSHA/H